[Event "Challenge"]
[Site "http://www.queenalice.com/game.php?id=1327848"]
[Date "2014.12.13"]
[Round "-"]
[White "jpribeiro"]
[Black "Chalezuba"]
[Result "0-1"]
[WhiteElo "1895"]
[BlackElo "2455"]

1. e4 c5 2. Nf3 Nc6 3. Bc4 e6 4. d4 d5 5. exd5 exd5 6. Qe2+ Be7 7. Bb5 Nf6 8.
O-O O-O 9. Bxc6 bxc6 10. dxc5 Bxc5 11. h3 Re8 12. Be3 Bxe3 13. fxe3 Qb6 14. Kf2
Rxe3 15. Qxe3 Ne4+ 16. Ke2 Ba6+ 0-1

[Event "Challenge"]
[Site "http://www.queenalice.com/game.php?id=1339324"]
[Date "2015.2.5"]
[Round "-"]
[White "jpribeiro"]
[Black "Chalezuba"]
[Result "0-1"]
[WhiteElo "1922"]
[BlackElo "2456"]

1. Nf3 Nf6 2. g3 d5 3. Bg2 c6 4. O-O Bg4 5. Ne5 Bh5 6. d3 Nbd7 7. Nxd7 Qxd7 8.
Bf4 e6 9. Nd2 Bc5 10. Nf3 Bd6 11. Bxd6 Qxd6 12. c4 O-O 13. Rc1 Rad8 14. cxd5
exd5 15. d4 Rfe8 16. a3 Re7 17. e3 a6 18. b4 Qe6 19. Qb3 Ne4 20. Rc2 f6 21. Nd2
Nd6 22. f4 Qxe3+ 23. Kh1 Nb5 24. Qxe3 Rxe3 25. Nf3 Rxa3 26. Rb2 Re8 27. h3 Bxf3
28. Rxf3 Ree3 0-1

[Event "Let's Play Chess!"]
[Site "http://www.queenalice.com/game.php?id=1390470"]
[Date "2015.10.23"]
[Round "-"]
[White "dnptrs"]
[Black "Chalezuba"]
[Result "0-1"]
[WhiteElo "2293"]
[BlackElo "2462"]

1. d4 Nf6 2. Nf3 d5 3. c4 c6 4. e3 Bf5 5. Nc3 e6 6. Qb3 Qb6 7. Qxb6 axb6 8. Nh4
Bc2 9. Kd2 Bb3 10. cxd5 exd5 11. Rb1 Bxa2 12. Nxa2 Ne4+ 13. Ke1 Rxa2 14. Bd2 g6
15. Be2 Nd7 16. Nf3 Bd6 17. Bd1 O-O 18. Bb3 Raa8 19. Ke2 b5 20. Bc3 Nb6 21. Ra1
Na4 22. Bxa4 Nxc3+ 23. bxc3 bxa4 24. Ne5 Bxe5 25. dxe5 b5 26. Rhd1 Rfe8 27. f4
f6 28. exf6 Kf7 29. Kd3 Kxf6 30. Rf1 h5 31. Rab1 a3 32. Rb4 a2 33. Ra1 Ra3 34.
Rb2 Rea8 35. g3 R8a4 36. Kc2 Kf5 37. Kd2 Ke4 38. Rc2 c5 39. Rb2 b4 40. cxb4 cxb4
0-1

[Event "Let's Play Chess!"]
[Site "http://www.queenalice.com/game.php?id=1390471"]
[Date "2015.10.23"]
[Round "-"]
[White "Chalezuba"]
[Black "dnptrs"]
[Result "1-0"]
[WhiteElo "2458"]
[BlackElo "2264"]

1. e4 c5 2. Nf3 e6 3. d4 cxd4 4. Nxd4 Nf6 5. Nc3 d6 6. Be2 Be7 7. O-O O-O 8. f4
Nc6 9. Be3 Qc7 10. Kh1 a6 11. a4 Nxd4 12. Qxd4 Bd7 13. e5 Ne8 14. Bf3 f6 15. Qb4
Rf7 16. Qxb7 Qxb7 17. Bxb7 Rb8 18. Bxa6 Rxb2 19. exd6 Nxd6 20. Bd3 Nf5 21. Bf2
Rf8 22. a5 Rc8 23. Na4 Bxa4 24. Rxa4 Ra8 25. Bc4 1-0

[Event "SUL X SUDESTE"]
[Site "http://www.queenalice.com/game.php?id=1392277"]
[Date "2015.11.3"]
[Round "-"]
[White "Chalezuba"]
[Black "caboclo"]
[Result "1/2-1/2"]
[WhiteElo "2496"]
[BlackElo "2681"]

1. e4 e5 2. Nf3 Nc6 3. Bb5 a6 4. Ba4 Nf6 5. O-O Be7 6. Re1 b5 7. Bb3 O-O 8. c3
d6 9. h3 Na5 10. Bc2 c5 11. d4 Nd7 12. Nbd2 exd4 13. cxd4 Nc6 14. d5 Nce5 15. a4
Bb7 16. Nxe5 Nxe5 17. f4 Ng6 18. Nf3 Bf6 19. e5 Be7 20. Be4 f5 21. exf6 Bxf6 22.
Qc2 Qc7 23. f5 Ne5 24. Ng5 Bxg5 25. Bxg5 b4 26. Qf2 h6 27. Bf4 Rae8 28. Rac1 a5
29. Bb1 c4 30. Rcd1 Rf6 31. Qa7 Ra8 32. Qd4 Re8 33. Re3 Bc8 34. g4 Bd7 35. Rc1
Bxa4 36. Bxe5 Rxe5 37. Rxe5 dxe5 38. Qxc4 Qxc4 39. Rxc4 Bb3 40. Rc5 a4 41. Ra5
Rb6 42. Kf2 Kf7 43. Be4 Kf6 44. Kf3 Kg5 45. Ra7 Kh4 46. Kg2 Rd6 47. Ra5 Rb6 48.
Ra7 Rd6 49. Ra5 1/2-1/2

[Event "Challenge"]
[Site "http://www.queenalice.com/game.php?id=1393412"]
[Date "2015.11.10"]
[Round "-"]
[White "colatina"]
[Black "Chalezuba"]
[Result "0-1"]
[WhiteElo "2006"]
[BlackElo "2467"]

1. e4 c5 2. Nf3 Nc6 3. Bc4 d6 4. d4 cxd4 5. Nxd4 Nf6 6. Bg5 Qa5+ 7. Bd2 Qc5 8.
Nxc6 Qxc4 9. e5 Qxc6 10. exf6 Qxg2 11. Rf1 Bh3 12. Qe2 gxf6 13. Nc3 Qxf1+ 14.
Qxf1 Bxf1 15. Kxf1 Rc8 16. Nd5 Rxc2 17. Bc3 Bh6 18. Re1 Rc1 19. Nc7+ Kd7 20. Nb5
Rxe1+ 21. Kxe1 e5 22. a4 a6 23. Na3 Rc8 24. Ke2 Ke6 25. Kd3 d5 26. Ke2 d4 27.
Bd2 Bxd2 28. Kxd2 f5 29. b3 Rc3 30. f4 Rxb3 31. Nc4 e4 0-1

[Event "Challenge"]
[Site "http://www.queenalice.com/game.php?id=1406684"]
[Date "2016.1.29"]
[Round "-"]
[White "Chalezuba"]
[Black "prego"]
[Result "1-0"]
[WhiteElo "2481"]
[BlackElo "2468"]

1. e4 c5 2. Nf3 d6 3. d4 cxd4 4. Nxd4 Nf6 5. Nc3 a6 6. Be3 e5 7. Nb3 Be6 8. f3
Nbd7 9. Qd2 b5 10. O-O-O Be7 11. g4 O-O 12. g5 b4 13. Ne2 Ne8 14. f4 a5 15. f5
a4 16. Nbd4 exd4 17. Nxd4 b3 18. Kb1 bxc2+ 19. Nxc2 Bb3 20. axb3 axb3 21. Na3
Ne5 22. h4 Ra4 23. Bd4 Qa8 24. Qe3 Nc7 25. f6 gxf6 26. gxf6 Bxf6 27. Rg1+ Kh8
28. Bc4 Ne6 29. Bd5 Qb8 30. Bc3 Rc8 31. Rdf1 Rxc3 32. Qxc3 Bg7 33. Rg3 Nd4 34.
Qe3 Ne6 35. h5 Qd8 36. Bxe6 fxe6 37. h6 Bf6 38. Qxb3 Ra8 39. Qxe6 Nd7 40. Rfg1
Qe8 41. Rg8+ Qxg8 42. Rxg8+ Rxg8 43. Qxd7 Rd8 44. Qf7 1-0

[Event "Challenge"]
[Site "http://www.queenalice.com/game.php?id=1406685"]
[Date "2016.1.29"]
[Round "-"]
[White "prego"]
[Black "Chalezuba"]
[Result "0-1"]
[WhiteElo "2460"]
[BlackElo "2489"]

1. e4 c5 2. Nf3 Nc6 3. d4 cxd4 4. Nxd4 Nf6 5. Nc3 d6 6. Bg5 e6 7. Qd2 a6 8.
O-O-O Bd7 9. f4 b5 10. Bxf6 gxf6 11. Kb1 Qb6 12. Nxc6 Bxc6 13. f5 b4 14. Ne2 e5
15. Ng3 Qc5 16. Nh5 Ke7 17. Be2 Bxe4 18. Bf3 Bxf3 19. gxf3 Rg8 20. Ng3 d5 21.
Ne4 Qb5 22. Qxd5 Qxd5 23. Rxd5 Rg2 24. Rhd1 Bh6 25. Rd7+ Kf8 26. Nxf6 Rc8 27. h4
a5 28. c3 bxc3 29. bxc3 Rb8+ 30. Ka1 Kg7 31. Nh5+ Kg8 32. Ra7 Kf8 33. Nf6 Kg7
34. Ne4 Rbb2 35. Rxa5 Be3 36. h5 Rbc2 37. Rf1 Rh2 38. Rd1 Rxh5 39. Rxe5 Rhh2 40.
Ra5 h5 41. Ra6 h4 42. Nf6 Bg5 43. Ne8+ Kf8 44. Ra8 h3 45. Nd6+ Kg7 46. f6+ Kh7
47. Ne4 Bf4 48. Ra4 Rhg2 49. Kb1 Rb2+ 50. Ka1 h2 51. Rf1 Rbe2 0-1

[Event "Challenge"]
[Site "http://www.queenalice.com/game.php?id=1417765"]
[Date "2016.4.10"]
[Round "-"]
[White "Chalezuba"]
[Black "Albator007"]
[Result "1/2-1/2"]
[WhiteElo "2515"]
[BlackElo "2189"]

1. e4 e5 2. Nf3 Nc6 3. Bb5 a6 4. Ba4 Nf6 5. O-O Be7 6. Re1 b5 7. Bb3 O-O 8. c3
d5 9. exd5 Nxd5 10. Nxe5 Nxe5 11. Rxe5 c6 12. d4 Bd6 13. Re1 Qh4 14. g3 Qh3 15.
Re4 g5 16. Qf1 Qh5 17. Nd2 Bf5 18. f3 Rae8 19. Rxe8 Rxe8 20. Ne4 Bxe4 21. fxe4
Rxe4 22. Bd1 g4 23. Bd2 c5 24. Bc2 Ne3 25. Bxe4 Nxf1 26. Rxf1 f5 27. Rxf5 Qe8
28. Bd5+ Kg7 29. Rf7+ Kg6 30. Rf2 Kg7 31. Rf7+ Kg6 1/2-1/2

[Event "Challenge"]
[Site "http://www.queenalice.com/game.php?id=1435660"]
[Date "2016.8.10"]
[Round "-"]
[White "Chalezuba"]
[Black "mmagari"]
[Result "1-0"]
[WhiteElo "2503"]
[BlackElo "2396"]

1. e4 a5 2. d4 h5 3. Nf3 d6 4. Bd3 e6 5. Nc3 Be7 6. Be3 Nd7 7. O-O Ngf6 8. Re1
e5 9. Nd5 Nxd5 10. exd5 Kf8 11. h3 Bf6 12. Bb5 g6 13. Bxd7 Bxd7 14. dxe5 dxe5
15. Bd2 Kg7 16. Nxe5 Bf5 17. c4 Re8 18. Bc3 Kg8 19. Qb3 b6 20. Re2 Qd6 21. Rae1
Bg7 22. Qd1 Bd7 23. Qd3 Re7 24. c5 Qxc5 25. Qf3 Rxe5 26. Bxe5 Bxe5 27. Rxe5 Qd6
28. Re7 Rf8 29. Qc3 Rc8 30. R1e5 Rf8 31. Re3 Rd8 32. b3 b5 33. Qxa5 Be6 34. Rxc7
Qxd5 35. Rc5 Qxc5 36. Qxd8+ Kg7 37. Qd2 Kh7 38. Qc3 Qb6 39. Rd3 Bf5 40. Rd5 1-0

[Event "Challenge"]
[Site "http://www.queenalice.com/game.php?id=1436020"]
[Date "2016.8.13"]
[Round "-"]
[White "Chalezuba"]
[Black "mmagari"]
[Result "1-0"]
[WhiteElo "2509"]
[BlackElo "2387"]

1. e4 a5 2. d4 h5 3. Nf3 d6 4. Bd3 e6 5. Nc3 Be7 6. O-O g5 7. Be3 g4 8. Nd2 Nf6
9. f4 Nc6 10. a3 d5 11. e5 Ng8 12. Nb5 Bf8 13. f5 Nge7 14. f6 Nf5 15. Bxf5 exf5
16. c4 Be6 17. Qb3 a4 18. Qc2 Qd7 19. Rad1 Kd8 20. Nc3 f4 21. Rxf4 Bh6 22. cxd5
Bxd5 23. Nxd5 Qxd5 24. Re4 Bxe3+ 25. Rxe3 Kc8 26. Re4 Ra5 27. Nc4 Rb5 28. Ree1
Kb8 29. Qxa4 Rd8 30. Ne3 Ra5 31. Nxd5 Rxa4 32. e6 fxe6 33. Nf4 Raxd4 34. Rxd4
Rxd4 35. Nxe6 Rd7 36. Nc5 Rf7 37. Re8+ Ka7 38. Ne4 1-0

[Event "Challenge"]
[Site "http://www.queenalice.com/game.php?id=1436659"]
[Date "2016.8.17"]
[Round "-"]
[White "dnptrs"]
[Black "Chalezuba"]
[Result "0-1"]
[WhiteElo "2195"]
[BlackElo "2500"]

1. d4 Nf6 2. Nf3 d5 3. c4 c6 4. e3 Bf5 5. Nc3 e6 6. cxd5 cxd5 7. Bb5+ Nbd7 8.
O-O h6 9. Bd2 a6 10. Ba4 Bd6 11. Rc1 O-O 12. Bc2 Ne4 13. Be1 Rc8 14. Nxe4 dxe4
15. Nd2 Nf6 16. f3 exf3 17. Nxf3 Qc7 18. Bc3 Ng4 19. h3 Nxe3 0-1

[Event "Challenge"]
[Site "http://www.queenalice.com/game.php?id=1436660"]
[Date "2016.8.17"]
[Round "-"]
[White "Chalezuba"]
[Black "dnptrs"]
[Result "1-0"]
[WhiteElo "2502"]
[BlackElo "2169"]

1. e4 c5 2. Nf3 e6 3. d4 cxd4 4. Nxd4 Nf6 5. Nc3 d6 6. f4 Nc6 7. Be3 a6 8. Qf3
Nxd4 9. Bxd4 Be7 10. O-O-O Qa5 11. Qf2 Qc7 12. e5 Nd7 13. exd6 Bxd6 14. Bxg7
Bxf4+ 15. Kb1 Rg8 16. g3 Rxg7 17. gxf4 Nf6 18. Qd4 Qe7 19. Ne4 Rg6 20. Rg1 Ng8
21. Rxg6 fxg6 22. Qh8 Kf8 23. Bc4 b5 24. f5 Kf7 25. f6 1-0

[Event "Challenge"]
[Site "http://www.queenalice.com/game.php?id=1442682"]
[Date "2016.9.24"]
[Round "-"]
[White "Albator007"]
[Black "Chalezuba"]
[Result "1/2-1/2"]
[WhiteElo "2435"]
[BlackElo "2510"]

1. e4 c5 2. Nf3 d6 3. d4 cxd4 4. Nxd4 Nf6 5. Nc3 a6 6. Be3 e5 7. Nb3 Be6 8. f3
Be7 9. Qd2 O-O 10. O-O-O Nbd7 11. g4 b5 12. g5 b4 13. Ne2 Ne8 14. f4 a5 15. f5
a4 16. Nbd4 exd4 17. Nxd4 b3 18. Kb1 bxc2+ 19. Nxc2 Bb3 20. axb3 axb3 21. Na3
Ne5 22. h4 Ra4 23. Bd4 Nf3 24. Qc3 Nxd4 25. Rxd4 Rxd4 26. Qxd4 d5 27. Qxd5 Qb6
28. Bc4 Bxa3 29. bxa3 Nd6 30. g6 hxg6 31. fxg6 Nxc4 32. gxf7+ Rxf7 33. Qxc4 Qf2
34. Qxb3 Kh7 35. Rd1 Rf6 36. Qc3 Rf3 37. Qc2 Qxc2+ 38. Kxc2 Rxa3 39. Rg1 Rh3 40.
Rg4 g6 41. Kd2 Kg7 42. Rf4 Kh6 43. e5 g5 44. hxg5+ Kxg5 45. Rf1 Ra3 46. Re1 Kf5
47. e6 Ra8 48. Kd3 Re8 49. Kd4 Rxe6 1/2-1/2

[Event "Challenge"]
[Site "http://www.queenalice.com/game.php?id=1462158"]
[Date "2017.1.31"]
[Round "-"]
[White "jpribeiro"]
[Black "Chalezuba"]
[Result "0-1"]
[WhiteElo "2211"]
[BlackElo "2508"]

1. e4 c5 2. Nf3 Nc6 3. Bb5 d6 4. d4 cxd4 5. Nxd4 Bd7 6. Nxc6 bxc6 7. Bd3 g6 8.
O-O Bg7 9. Nc3 Nf6 10. h3 O-O 11. Re1 Be6 12. a4 Rb8 13. Ra2 Bxa2 0-1

[Event "Challenge"]
[Site "http://www.queenalice.com/game.php?id=1464743"]
[Date "2017.2.15"]
[Round "-"]
[White "zugzwangskie"]
[Black "Chalezuba"]
[Result "1/2-1/2"]
[WhiteElo "2398"]
[BlackElo "2509"]

1. e4 c5 2. Nf3 d6 3. d4 cxd4 4. Nxd4 Nf6 5. Nc3 a6 6. Be3 e5 7. Nb3 Be6 8. f3
Be7 9. Qd2 O-O 10. O-O-O Nbd7 11. g4 b5 12. g5 b4 13. Ne2 Ne8 14. f4 a5 15. f5
a4 16. Nbd4 exd4 17. Nxd4 b3 18. Kb1 bxc2+ 19. Nxc2 Bb3 20. axb3 axb3 21. Na3
Ne5 22. h4 Ra4 23. Rh3 Rxe4 24. Qg2 Rg4 25. Qb7 Qc7 26. Qxb3 Qd7 27. Qc2 d5 28.
Bd4 Nc6 29. Bb5 Rxd4 30. Rxd4 Nxd4 31. Bxd7 Nxc2 32. Nxc2 Nc7 33. Rb3 Rd8 34.
Ba4 Bc5 35. Rb7 Ne8 36. Bxe8 Rxe8 37. Rb5 Bf2 38. h5 Bh4 39. g6 hxg6 40. fxg6
fxg6 41. hxg6 Kf8 42. Nb4 d4 43. Rh5 Re4 44. Kc2 Ke7 45. Nd3 Kf6 46. Nc5 Kxg6
47. Nxe4 1/2-1/2

[Event "Challenge"]
[Site "http://www.queenalice.com/game.php?id=1467540"]
[Date "2017.3.5"]
[Round "-"]
[White "Chalezuba"]
[Black "Albator007"]
[Result "0-1"]
[WhiteElo "2509"]
[BlackElo "2476"]

1. e4 e5 2. Nf3 Nc6 3. Bb5 a6 4. Ba4 Nf6 5. O-O Be7 6. Re1 b5 7. Bb3 O-O 8. c3
d5 9. exd5 Nxd5 10. Nxe5 Nxe5 11. Rxe5 c6 12. d4 Bd6 13. Re1 Qh4 14. g3 Qh3 15.
Be3 Bg4 16. Qd3 Rae8 17. Nd2 Qh5 18. Bc2 f5 19. f3 Bh3 20. Bf2 Nf4 21. Bb3+ Kh8
22. gxf4 Bxf4 23. Bg3 Qg5 24. Nf1 h5 25. Qc2 h4 26. Qf2 Bxf1 27. Qxf1 hxg3 28.
Qh3+ Qh6 29. Qxh6+ gxh6 30. hxg3 Bxg3 31. Re6 Kg7 32. Kg2 Bf4 33. Kf2 Rxe6 34.
Bxe6 Kf6 35. Bd7 h5 36. Rh1 Kg5 37. Bxc6 h4 38. Kg2 Rf7 39. a4 bxa4 40. Re1 Kf6
41. Kh3 Rg7 42. Re8 Kf7 43. Re1 Rg3+ 44. Kxh4 Rg2 45. Bd5+ Kg6 46. Re7 Rh2# 0-1

[Event "Challenge"]
[Site "http://www.queenalice.com/game.php?id=1468738"]
[Date "2017.3.14"]
[Round "-"]
[White "jpribeiro"]
[Black "Chalezuba"]
[Result "0-1"]
[WhiteElo "2178"]
[BlackElo "2508"]

1. Nf3 Nf6 2. g3 d5 3. Bg2 c6 4. O-O Bg4 5. d4 Nbd7 6. h3 Bf5 7. Nc3 h6 8. Nh4
Bh7 9. Nf3 e6 10. a3 Rc8 11. Bf4 Be7 12. b4 O-O 13. Na4 b6 14. Nc3 c5 15. bxc5
bxc5 16. e3 cxd4 17. Qxd4 g5 18. Be5 Ne4 19. Nxe4 dxe4 20. Ne1 Nxe5 21. Qxa7 Nc4
22. Kh2 Nd2 23. Rg1 Bc5 24. Qa6 Qf6 25. Rd1 Qxf2 0-1

[Event "Challenge"]
[Site "http://www.queenalice.com/game.php?id=1468979"]
[Date "2017.3.15"]
[Round "-"]
[White "Mulder"]
[Black "Chalezuba"]
[Result "1/2-1/2"]
[WhiteElo "2393"]
[BlackElo "2510"]

1. e4 c5 2. Nf3 d6 3. d4 cxd4 4. Nxd4 Nf6 5. Nc3 a6 6. Bg5 Nbd7 7. Be2 e6 8. O-O
Be7 9. Qd3 Qc7 10. a4 b6 11. Qg3 Bb7 12. Rad1 O-O 13. Bh6 Ne8 14. f3 Rc8 15. Be3
Nef6 16. Qf2 h6 17. Qg3 Nh5 18. Qh3 Nhf6 19. Qg3 Nh5 20. Qh3 Nhf6 1/2-1/2

[Event "OS INCLIVEIS"]
[Site "http://www.queenalice.com/game.php?id=1482025"]
[Date "2017.6.12"]
[Round "-"]
[White "adelio"]
[Black "Chalezuba"]
[Result "0-1"]
[WhiteElo "1569"]
[BlackElo "2507"]

1. d4 Nf6 2. c4 e6 3. a3 d5 4. Nc3 c5 5. Bd2 cxd4 6. Qa4+ Bd7 7. Nb5 a6 8. Ba5
b6 9. Bd2 dxc4 10. Qxc4 Bxb5 11. Qc1 Nc6 12. Bg5 Rc8 13. Qd2 Be7 14. Bxf6 Bxf6
15. Rd1 O-O 16. Qf4 Ba4 17. Rd3 Bg5 18. Qg4 Ne5 19. Qxd4 Rc1+ 20. Rd1 Rxd1+ 21.
Qxd1 Qxd1# 0-1

[Event "OS INCLIVEIS"]
[Site "http://www.queenalice.com/game.php?id=1482026"]
[Date "2017.6.12"]
[Round "-"]
[White "Chalezuba"]
[Black "adelio"]
[Result "1-0"]
[WhiteElo "2509"]
[BlackElo "1608"]

1. e4 a6 2. d4 c5 3. dxc5 e6 4. Be3 d6 5. cxd6 Bxd6 6. Nf3 Nc6 7. Nbd2 b5 8. c4
Bb4 9. cxb5 axb5 10. Bxb5 Bb7 11. O-O Ne7 12. Qc2 g6 13. Bh6 Qc7 14. Nc4 O-O-O
15. Be3 Ba5 16. b4 Nxb4 17. Qa4 Nbc6 18. Rfc1 Kb8 19. Nfe5 Rhf8 20. Bxc6 Nxc6
21. Nxa5 Qxa5 22. Nxc6+ Bxc6 23. Rab1+ Qb5 24. Qa7+ Kc8 25. Rxb5 Rd1+ 26. Rxd1
Bxb5 27. Bb6 Be2 28. Qc7# 1-0

[Event "OS INCLIVES"]
[Site "http://www.queenalice.com/game.php?id=1482913"]
[Date "2017.6.19"]
[Round "-"]
[White "adelio"]
[Black "Chalezuba"]
[Result "0-1"]
[WhiteElo "1558"]
[BlackElo "2508"]

1. b4 Nf6 2. c4 e5 3. b5 a6 4. Bb2 axb5 5. Bxe5 bxc4 6. Bxf6 Qxf6 7. Nc3 c6 8.
Ne4 Qe7 9. Qc2 d5 10. Ng3 g6 11. Qb2 Rg8 12. Rb1 Bg7 13. Qc2 Na6 14. e4 Nb4 15.
Rxb4 Qxb4 16. Be2 c3 17. d3 Rxa2 18. Qxa2 c2+ 19. Kf1 c1=Q+ 20. Bd1 Qxd1# 0-1

[Event "Challenge"]
[Site "http://www.queenalice.com/game.php?id=1492465"]
[Date "2017.9.1"]
[Round "-"]
[White "tucuman"]
[Black "Chalezuba"]
[Result "0-1"]
[WhiteElo "1805"]
[BlackElo "2508"]

1. e4 c5 2. c4 Nc6 3. d3 e6 4. Nf3 Nf6 5. Bg5 h6 6. Be3 d5 7. cxd5 exd5 8. e5
Ng4 9. Be2 Ngxe5 10. O-O Nxf3+ 11. Bxf3 Be6 12. Bd2 Bd6 13. Bg4 O-O 14. Bxe6
fxe6 15. Nc3 Qf6 16. h3 Qe5 17. g3 Nd4 18. f4 Qf5 19. Kg2 Qxd3 20. Rc1 e5 21. f5
Nxf5 22. Rf3 Nh4+ 23. gxh4 Rxf3 24. Qe2 Rg3+ 25. Kf1 Rf8+ 26. Ke1 Rg1+ 27. Qf1
Rgxf1# 0-1

[Event "Challenge"]
[Site "http://www.queenalice.com/game.php?id=1498523"]
[Date "2017.10.12"]
[Round "-"]
[White "tucuman"]
[Black "Chalezuba"]
[Result "0-1"]
[WhiteElo "1832"]
[BlackElo "2500"]

1. e4 c5 2. c4 d6 3. Nc3 Nc6 4. d3 g6 5. h3 Bg7 6. Nf3 e6 7. Bd2 Nge7 8. Be2 O-O
9. O-O b6 10. Be3 d5 11. cxd5 exd5 12. exd5 Nxd5 13. Bd2 Bb7 14. Nh2 Nd4 15. Nf3
Nxe2+ 16. Qxe2 Re8 17. Qd1 Nb4 18. Be3 Nxd3 19. Rb1 Nxb2 20. Rxb2 Bxc3 21. Rc2
Qxd1 22. Rxd1 Bg7 23. Rd7 Bc6 24. Rc7 Rec8 25. Re7 Bf6 26. Bg5 Bxe7 27. Bxe7
Bxf3 28. gxf3 b5 29. a3 a5 30. Bf6 b4 31. axb4 cxb4 32. Rb2 Rc4 0-1